Manual de física y química / (Record no. 163514)

MARC details
000 -LEADER
campo de control de longitud fija 00816nam a22002295i 4500
001 - NÚMERO DE CONTROL
campo de control 163514
003 - IDENTIFICADOR DE NÚMERO DE CONTROL
campo de control ES-MaACL
005 - FECHA Y HORA DE LA ÚLTIMA TRANSACCIÓN
campo de control 20250814063248.0
008 - DATOS DE LONGITUD FIJA--INFORMACIÓN GENERAL
campo de control de longitud fija 961119s1862 sp d |||| | spa d
040 ## - FUENTE DE CATALOGACIÓN
Centro catalogador/agencia de origen CYL
Lengua de catalogación spa
Centro/agencia transcriptor CYL
100 1# - ENTRADA PRINCIPAL--NOMBRE DE PERSONA
Nombre de persona Rico y Sinobas, Manuel,
Fechas asociadas al nombre 1819-1898
9 (RLIN) 131804
245 10 - MENCIÓN DEL TÍTULO
Título Manual de física y química /
Mención de responsabilidad, etc. por D. Manuel Rico y D. Mariano Santistéban.
250 ## - MENCION DE EDICION
Mención de edición 3ª ed. il. con 336 grabados en madera intercalados en el testo (sic).
260 ## - PUBLICACIÓN, DISTRIBUCIÓN, ETC.
Lugar de publicación, distribución, etc. Madrid :
Nombre del editor, distribuidor, etc. Imprenta y librería de D. Eusebio Aguado,
Fecha de publicación, distribución, etc. 1862.
300 ## - DESCRIPCIÓN FÍSICA
Extensión 479 p. :
Otras características físicas il. ;
Dimensiones 21 cm.
597 #1 - NOTA DE DESCRIPCIÓN FÍSICA
NOTA DE DESCRIPCIÓN FÍSICA Antep.
599 #1 - NOTA A LAS ILUSTRACIONES
NOTA A LAS ILUSTRACIONES Las il. gráficos y diagrámas.
650 07 - PUNTO DE ACCESO ADICIONAL DE MATERIA--TÉRMINO DE MATERIA
Término de materia o nombre geográfico como elemento de entrada Física
Fuente del encabezamiento o término embne
9 (RLIN) 12877
700 11 - ENTRADA AGREGADA--NOMBRE PERSONAL
Nombre de persona Santisteban, Mariano.
9 (RLIN) 103433
852 ## - LOCALIZACIÓN
Ubicación ES-MaACL
Número de control de estantería C-2965
Nota libre -- Enc. hol.
Holdings
Estatus retirado Estado de pérdida Estado de daño No para préstamo Colección Biblioteca de origen Biblioteca actual Ubicación en estantería Fecha de adquisición Fuente de adquisición Total de préstamos Signatura topográfica completa Código de barras Visto por última vez Precio de reemplazo Tipo de ítem Koha
        Libros del s. XIX Biblioteca del Ateneo de Madrid Biblioteca del Ateneo de Madrid Sala Palomar 17/01/2008     C-2965 1171345 23/02/2023 23/02/2023 Libro impreso antiguo